00942nam a2200253 a 450000100060000000300080000600500170001400800410003103500190007203500190009104000320011004100080014204200120015008200260016210000570018824500790024526000290032430000340035350000810038765000450046894200120051399900170052595201460054275095BD-RjUL20211209082637.0760120s1949 enka 000 0 eng  a(BD-RjUL)75313 a(OCoLC)1937413 aDLCcCtYdDLCdBD-RjULbeng aeng apremarc 223a796.522bSMM 19491 aSmythe, F. S.q(Francis Sydney),d1900-1949.922715610aMountains in colour /cF. S. Smythe; With 57 colour photos. by the author. aLondon :bParrish,c1949 a155 p. :bcol. illus.c29 cm. aAmerican ed. (New York, Chanticleer Press) has title : Behold the mountains. 0aMountaineeringvPictorial works.9227157 2ddccBK c75095d75095 00102ddc40718NFICaRUCLbRUCLcStackd1956-02-22eO.B.A. Stationaryg20.50l0o796.522 SMM 1949r2019-01-20 00:00:00tC-1w2019-01-20yBK